000 01508nam a2200241Ia 4500
003 Ost
005 20260507074853.0
008 260507s9999||||xx |||||||||||||| ||und||
020 _a9957466615
040 _cfsecg
041 _aara
082 _a379.12
100 _aخلف، فليح حسين
_eمؤلف
245 0 _aإقتصاديات التعليم وتخطيطه /
_c فليح حسين خلف
260 _aعمان:
_bعالم الكتب الحديث,
_c2007
300 _a403 صفحة؛
_bإيضاحات ؛
_c25 سم
504 _aبيبليوغرافيا: ص.391
520 _aيضم الجوانب الاقتصادية:في الاقتصاد، التخلف الاقتصادي، التنمية الاقتصادية، التخطيط الاقتصادي، الموارد البشرية، اقتصاديات التعليم: الأهمية الاقتصادية للتعليم وقيمته الاقتصادية، تمويل التعليم، الانفاق على التعليم وتكاليفه، عائك التعليم، الكفاءة الانتاجية للتعليم، تخطيط التعليم: ماهية التخطيط التعليمي، متطلبات التخطيط التعليمي، طرق وأساليب التخطيط التعليمي، كيفية اعداد الخطة التعليمية، صعوبات ومشكلات التخطيط التعليمي
653 _aالاقتصاد
653 _aالتخطيط
653 _aالتعليم- اقتصاديات
942 _cكتاب
999 _c41592
_d41592